|
|
|
|
| LEADER |
00000nam0a2200000 4500 |
| 001 |
301923 |
| 005 |
20231102001441.0 |
| 035 |
|
|
|a (RuTPU)RU\TPU\book\327115
|
| 090 |
|
|
|a 301923
|
| 100 |
|
|
|a 20150818d1982 k y0rusy5003 ca
|
| 101 |
0 |
|
|a rus
|
| 102 |
|
|
|a RU
|
| 105 |
|
|
|a a z 001zy
|
| 200 |
1 |
|
|a Автоматизированные системы оперативно-диспетчерского управления
|e сборник научных трудов
|f Государственный всесоюзный центральный научно-исследовательский институт комплексной автоматизации ; под ред. В. И. Грицкова
|
| 210 |
|
|
|a Москва
|c Энергоиздат
|d 1982
|
| 215 |
|
|
|a 36 с.
|c ил.
|
| 320 |
|
|
|a Библиография в конце статей
|
| 606 |
1 |
|
|a Автоматизированные системы управления технологическими процессами
|x Вычислительные устройства
|x Проектирование
|2 stltpush
|3 (RuTPU)RU\TPU\subj\719
|9 29534
|
| 610 |
1 |
|
|a предприятия
|
| 610 |
1 |
|
|a оперативное управление
|
| 610 |
1 |
|
|a информация
|
| 610 |
1 |
|
|a обработка
|
| 610 |
1 |
|
|a диспетчеры
|
| 610 |
1 |
|
|a контроль
|
| 610 |
1 |
|
|a алгоритмы вычисления
|
| 610 |
1 |
|
|a расчет
|
| 675 |
|
|
|a 658.512.4.011.56:681.3
|v 3
|
| 702 |
|
1 |
|a Грицков
|b В. И.
|4 340
|
| 712 |
0 |
2 |
|a Государственный всесоюзный центральный научно-исследовательский институт комплексной автоматизации
|2 stltpush
|3 (RuTPU)RU\TPU\col\4023
|9 23919
|
| 801 |
|
0 |
|a RU
|b RuMRKP
|c 19950704
|g psbo
|
| 801 |
|
1 |
|a RU
|b 63413507
|c 20150818
|
| 801 |
|
2 |
|a RU
|b 63413507
|c 20170809
|g RCR
|
| 942 |
|
|
|c BK
|